Responses for show #7833 - Wednesday, October 3, 2018

Contestants

Susan Donnelly-Kaye, a retired pathologist from Wilmington, Delaware

Maggie Beazer, a student from Cambridge, Massachusetts

Doug Dodson, a classical singer from Boston, Massachusetts (whose 2-day cash winnings total $21,999)

Jeopardy! Round responses

NEW ENGLAND
BRICK BY BRICK
FROM THE DUTCH
COBRA KAI
KARATE
KIDS
(Alex: You have to name the TV show represented by the kids we will provide in the clue.)
    $200 5
Boston

Doug
    $200 9
Minecraft

Doug
    $200 6
caboose

Maggie
    $200 23
king cobra

Maggie
    $200 18
(Maggie: What is shank?)

chop

DougMaggie
    $200 7
The Brady Bunch

Doug
    $400 4
Champlain

Susan
    $400 19
the Great Wall of China

Doug
    $400 10
kink

Maggie
    $400 24
sea snakes

Doug
    $400 15
(Doug; What is jiujitsu?)

taekwondo

DougMaggie
    $400 8
Modern Family

Susan
    $600 3
the Coast Guard Academy

Doug
    $600 20
The Commodores

Susan
    $600 12
an iceberg

Susan
    $5,200 25
(Alex: We have less than a minute now.)

mambas

Doug
    $600 28
dan

Triple Stumper
    $600 11
Stranger Things

Doug
    $800 2
Newport

Doug
    $800 21
(Maggie: What is South Carolina?)

West Virginia

MaggieSusan
    $800 13
(Susan: What is a buoy?)
(Maggie: What is a booby?)

a decoy

MaggieSusan
Triple Stumper
    $800 26
a copperhead

Doug
    $800 29
[The end-of-round signal sounds.]

Okinawa

Doug
    $800 16
The Walking Dead

Triple Stumper
    $1000 1
Maine

Doug
    $1000 22
(L. Frank) Baum

Doug
    $1000 14
dope

Maggie
    $1000 27
(Doug: What is pince-nez?)
(Alex: No. I love that, though.)
[Laughter]

the spectacled cobra

Doug
Triple Stumper
    $1000 17
(Alex: Yes, Willis should have helped you a lot on that one.)

Diff'rent Strokes

Susan

Scores at the first commercial break (after clue 15):

Doug Maggie Susan
$3,200 $1,200 $600

Scores at the end of the Jeopardy! Round:

Doug Maggie Susan
$11,000 $400 $3,000

Double Jeopardy! Round responses

BUSINESS LINGO
THE COLD WAR
ENTERTAINMENT RITUALS
DENTISTRY
AUTHORS' FICTIONAL PLACES
ENDS IN "O"
    $400 22
depreciate

Doug
    $400 2
Truman

Doug
    $400 12
sharks

Maggie
    $400 17
extraction

Maggie
    $400 27
(Dr.) Seuss

Maggie
    $400 7
a gazebo

Doug
    $800 23
(Doug: What is an IPO?)

a prospectus

Doug
Triple Stumper
    $800 3
the Hammer and Sickle

Doug
    $800 13
"Sweet Caroline"

Doug
    $800 18
lingual

Doug
    $800 1
George R.R. Martin

Doug
    $800 8
polio

Susan
    $1200 24
Warren Buffett

Doug
    $1200 4
Khrushchev

Doug
    $2,000 14
the 1812 Overture

Doug
    $1200 19
a bridge

Susan
    $2,000 28
Harper Lee

Maggie
    $1200 9
gumbo

Susan
    $1600 25
(Doug: What's a B side?)

bundling

Doug
Triple Stumper
    $1600 5
the Space Race

Doug
    $1600 15
The Rocky Horror Picture Show

Doug
    $1600 20
impacted

Doug
    $1600 29
J.M. Barrie

Maggie
    $1600 10
Esperanto

Doug
    $2000 26
a paradigm shift

Doug
    $2000 6
[Applause for Doug running the category]

Budapest

Doug
    $2000 16
The Thing from Another World

Triple Stumper
    $2000 21
(Maggie: What are fillings?)

veneers

Maggie
Triple Stumper
    $2000 30
Sinclair Lewis

Triple Stumper
    $2000 11
(Maggie: What is aikido [aye-KYE-do]?)
(Doug: What is aikido [uh-KEE-do]?

kendo

DougMaggie
Triple Stumper

Scores at the end of the Double Jeopardy! Round:

Doug Maggie Susan
$25,800 $1,200 $6,200
(lock game)

[wagering suggestions for these scores]

Final Jeopardy! Round responses

CITIES IN HISTORY
MaggieWhat Alsace?
$666
SusanWhat is Helsink?
$2,000
DougWhat is Geneva?
$5,000
Geneva

Final scores:

Doug Maggie Susan
$30,800 $534 $4,200
3-day champion: $52,799 3rd place: $1,000 2nd place: $2,000

Game dynamics:

Coryat scores:

Doug Maggie Susan
$20,400 $400 $6,200
30 R
(including 2 DDs),
5 W
10 R
(including 1 DD),
5 W
9 R,
1 W

Combined Coryat: $27,000

The J! Archive is created by fans, for fans. The Jeopardy! game show and all elements thereof, including but not limited to copyright and trademark thereto, are the property of Jeopardy Productions, Inc. and are protected under law. This website is not affiliated with, sponsored by, or operated by Jeopardy Productions, Inc. Join the discussion at JBoard.tv.